[Event "Tournoi Skype 014A"]
[Site "Skype"]
[Date "????.??.??"]
[Round "6.5"]
[White "Casey, Eamonn"]
[Black "Lambert, Pierre"]
[Result "1-0"]
[WhiteElo "1665"]
[BlackElo "1850"]
[PlyCount "55"]

1. d4 d5 2. c4 e6 3. Nc3 Nf6 4. Bg5 Be7 5. Nf3 Nbd7 6. e3 O-O 7. cxd5 exd5 8.
Bd3 c6 9. O-O h6 10. Bh4 Re8 11. Rc1 Ne4 12. Bxe7 Qxe7 13. Nd2 Ndf6 14. Ndxe4
dxe4 15. Bc4 Qd6 16. h3 Be6 17. Bxe6 Rxe6 18. Qb3 Qd7 19. Rfd1 Nh7 20. Ne2 Rg6
21. Nf4 Rg5 22. Rc5 Rd8 23. Rxg5 hxg5 24. Ng6 Nf6 25. Ne5 Qc7 26. Rc1 Rd5 27.
Rc3 Rb5 28. Qxb5 1-0

[Event "Tournoi Skype 014A"]
[Site "Skype"]
[Date "????.??.??"]
[Round "6.6"]
[White "Brun, Jacques"]
[Black "Rico Hernandez, Edgar"]
[Result "1/2-1/2"]
[WhiteElo "1825"]
[BlackElo "1814"]
[PlyCount "75"]

1. e4 c6 2. d4 d5 3. exd5 cxd5 4. c4 Nf6 5. Nc3 e6 6. Nf3 Bb4 7. Bg5 Nbd7 8.
cxd5 Bxc3+ 9. bxc3 exd5 10. Qe2+ Qe7 11. Qxe7+ Kxe7 12. Bb5 a6 13. Ba4 b5 14.
Bb3 Nb6 15. O-O Re8 16. Rfe1+ Be6 17. Ne5 Rac8 18. Rac1 h6 19. Bxf6+ Kxf6 20.
Nd3 a5 21. a3 Bf5 22. Nc5 g5 23. Kf1 a4 24. Rxe8 Rxe8 25. Ba2 Kg7 26. Re1 Rxe1+
27. Kxe1 Kf6 28. Na6 Bd7 29. Ke2 Ke6 30. Ke3 Kd6 31. f4 Nc8 32. Nb4 Ne7 33. Bb1
Ng8 34. g3 Nf6 35. h4 gxh4 36. gxh4 Nh5 37. Kf3 Ng7 38. Bd3 1/2-1/2

[Event "Tournoi Skype 014A"]
[Site "Skype"]
[Date "????.??.??"]
[Round "6.7"]
[White "Legueltel, Daniel"]
[Black "Dal, Ibrahim"]
[Result "0-1"]
[WhiteElo "1692"]
[BlackElo "1722"]
[PlyCount "102"]

1. d4 Nf6 2. c4 e6 3. Nc3 Bb4 4. Qc2 O-O 5. e4 c5 6. dxc5 Bxc5 7. e5 Ne8 8. Nf3
Nc6 9. a3 Nd4 10. Nxd4 Bxd4 11. Bf4 Qa5 12. b4 Bxc3+ 13. Qxc3 Qd8 14. Be2 b6
15. Bf3 Rb8 16. O-O Bb7 17. Rfd1 Qe7 18. Rd2 Bxf3 19. Qxf3 Rc8 20. Rad1 Rc7 21.
Qb3 g5 22. Qg3 h6 23. h4 Ng7 24. hxg5 Nh5 25. Qg4 Nxf4 26. Qxf4 hxg5 27. Qg4
Rd8 28. Rd3 f5 29. exf6 Qxf6 30. Rg3 d5 31. Qxg5+ Qxg5 32. Rxg5+ Rg7 33. Rxg7+
Kxg7 34. cxd5 exd5 35. Kf1 Kf6 36. Ke2 Ke6 37. Kd3 Kd6 38. g4 Rf8 39. Ke3 Re8+
40. Kf3 Rf8+ 41. Kg3 Rc8 42. Rd3 Ke5 43. f4+ Ke4 44. Rb3 d4 45. f5 d3 46. Kf2
Rc2+ 47. Ke1 Rg2 48. f6 Rxg4 49. Rb2 Ke3 50. Rf2 Rg1+ 51. Rf1 d2+ 0-1

[Event "Tournoi Skype 014A"]
[Site "Skype"]
[Date "????.??.??"]
[Round "6.8"]
[White "Murgia, Stefano"]
[Black "Donmez, Unal"]
[Result "0-1"]
[WhiteElo "1699"]
[BlackElo "1905"]
[PlyCount "72"]

1. e4 e5 2. Nf3 f5 3. Nxe5 Nc6 4. Nxc6 dxc6 5. d4 Qh4 6. e5 Be6 7. Nc3 O-O-O 8.
Ne2 c5 9. c3 cxd4 10. cxd4 Bc4 11. Be3 Bb4+ 12. Nc3 Bxf1 13. Rxf1 Qe4 14. Qe2
f4 15. Qg4+ Kb8 16. O-O-O Bxc3 17. bxc3 Qc6 18. Qxf4 Qxc3+ 19. Kb1 Ne7 20. Rc1
Qd3+ 21. Ka1 Nd5 22. Qf3 Nc3 23. Bg5 Rxd4 24. Rxc3 Qxf1+ 25. Rc1 Qb5 26. Rb1
Qd5 27. Qxd5 Rxd5 28. f4 Rd2 29. e6 h6 30. Bh4 Rxg2 31. e7 g5 32. Rd1 Kc8 33.
f5 gxh4 34. f6 Rf2 35. Rd8+ Rxd8 36. exd8=Q+ Kxd8 0-1

[Event "Tournoi Skype 014A"]
[Site "Skype"]
[Date "????.??.??"]
[Round "6.9"]
[White "Engstrom, Olle"]
[Black "Segura Lozano, Marcos Antonio"]
[Result "0-1"]
[WhiteElo "1680"]
[BlackElo "1899"]
[PlyCount "66"]

1. d4 Nf6 2. c4 d5 3. cxd5 Nxd5 4. e4 Nb6 5. Nc3 e6 6. Nf3 N8d7 7. Bd3 c5 8.
Qe2 a6 9. O-O cxd4 10. Nxd4 Nc5 11. Rd1 Nxd3 12. Rxd3 Qe7 13. e5 Bd7 14. Bf4 g5
15. Bg3 h5 16. h3 h4 17. Bh2 Rc8 18. Ne4 Qd8 19. Nf6+ Ke7 20. Qd2 a5 21. Rd1
Bh6 22. Qxa5 Qc7 23. Rc3 Nc4 24. Qxc7 Rxc7 25. Nxd7 Rxd7 26. Rxc4 Rhd8 27. Kf1
Ke8 28. Rd2 g4 29. Rd3 gxh3 30. gxh3 Bf8 31. Bf4 Be7 32. Be3 Kf8 33. Nxe6+ fxe6
0-1

[Event "Tournoi Skype 014A"]
[Site "Skype"]
[Date "????.??.??"]
[Round "6.10"]
[White "Deville, Olivier"]
[Black "Baue, Michel"]
[Result "1/2-1/2"]
[WhiteElo "1866"]
[BlackElo "1713"]
[PlyCount "112"]

1. c4 Nf6 2. Nf3 g6 3. Nc3 Bg7 4. e4 d6 5. d4 Nbd7 6. h3 O-O 7. Bg5 h6 8. Be3
c6 9. Be2 Re8 10. O-O e5 11. d5 cxd5 12. cxd5 a6 13. Nd2 g5 14. b4 Nf8 15. Nc4
b5 16. Na5 Bd7 17. Rc1 Ng6 18. Bf3 Rc8 19. Qd2 Kh7 20. Nc6 Bxc6 21. dxc6 Rxc6
22. Nd5 Rxc1 23. Rxc1 Nxd5 24. Qxd5 Kg8 25. Bh5 Re6 26. Bg4 Re8 27. Rc6 Ne7 28.
Qxd6 Nxc6 29. Qxc6 Qa8 30. Qd7 Qd8 31. Qc6 Qa8 32. Bd7 Qxc6 33. Bxc6 Rc8 34.
Bd5 Bf8 35. Bb7 Rc2 36. Bxa6 Rxa2 37. Bxb5 Bxb4 38. Bc4 Ra1+ 39. Kh2 Kg7 40. g3
Bc3 41. Kg2 Bd4 42. Kf3 Ra3 43. Bd5 Bxe3 44. fxe3 f6 45. Be6 h5 46. h4 Kh6 47.
Kf2 Rc3 48. Bd5 Rc2+ 49. Kg1 gxh4 50. gxh4 Re2 51. Bc6 Rxe3 52. Kg2 Rc3 53. Bd5
Kg6 54. Be6 Re3 55. Bf5+ Kh6 56. Kf2 Ra3 1/2-1/2

[Event "Tournoi Skype 014A"]
[Site "Skype"]
[Date "????.??.??"]
[Round "6.11"]
[White "Plourde, Alain"]
[Black "Ali, Mohammad"]
[Result "1-0"]
[WhiteElo "1850"]
[BlackElo "1633"]
[PlyCount "93"]

1. d4 Nf6 2. c4 e5 3. dxe5 Ng4 4. Bf4 Bb4+ 5. Nc3 f6 6. exf6 Qxf6 7. Qd2 Nc6 8.
Nf3 O-O 9. e3 d6 10. Bd3 Be6 11. O-O Rad8 12. Bg5 Qf7 13. Bxd8 Rxd8 14. a3 Bc5
15. b4 Bb6 16. Qe2 a5 17. b5 Nce5 18. h3 Nxf3+ 19. Qxf3 Qxf3 20. gxf3 Ne5 21.
Be2 Bxc4 22. Bxc4+ Nxc4 23. Nd5 Nd2 24. Rfd1 Nxf3+ 25. Kg2 Nh4+ 26. Kg3 Nf5+
27. Kh2 Bc5 28. Nxc7 a4 29. Ne6 Re8 30. Nxc5 dxc5 31. Rd5 Rf8 32. Rxc5 Nd6 33.
Kg2 Ne4 34. Rc2 Rf6 35. Rd1 h5 36. Rd4 Ng5 37. Rxa4 Nf3 38. Rc8+ Kh7 39. Rf4
Ne1+ 40. Kf1 Rxf4 41. exf4 Nf3 42. Rc7 b6 43. Rc6 Nd4 44. Rxb6 g6 45. Rb7+ Kh6
46. b6 h4 47. Rd7 1-0

[Event "Tournoi Skype 014A"]
[Site "Skype"]
[Date "????.??.??"]
[Round "6.12"]
[White "Elias, Roberto"]
[Black "Yardimci, Ertan"]
[Result "1/2-1/2"]
[WhiteElo "1809"]
[BlackElo "1455"]
[PlyCount "54"]

1. c4 c5 2. Nc3 Nf6 3. g3 Nc6 4. Bg2 e6 5. e3 Be7 6. Nge2 O-O 7. d4 cxd4 8.
exd4 d5 9. cxd5 Nxd5 10. Nxd5 exd5 11. O-O Re8 12. Qb3 Bf6 13. Be3 Na5 14. Qxd5
Be6 15. Qxd8 Raxd8 16. b3 Nc6 17. Bxc6 bxc6 18. Rac1 Bd5 19. Nf4 Bf3 20. d5
cxd5 21. Bxa7 d4 22. Bb6 Rd6 23. Rfe1 Ra8 24. Bc5 Rd7 25. Nd3 Rdd8 26. a4 Re8
27. Bb4 Red8 1/2-1/2

[Event "Tournoi Skype 014A"]
[Site "Skype"]
[Date "????.??.??"]
[Round "6.13"]
[White "Ergin, Ahmet"]
[Black "Mulrooney, Justin"]
[Result "0-1"]
[WhiteElo "1770"]
[BlackElo "1624"]
[PlyCount "66"]

1. e4 e6 2. d4 d5 3. e5 Bd7 4. Nf3 c5 5. c3 Nc6 6. a3 cxd4 7. cxd4 Be7 8. Nc3
a6 9. Bd3 Rc8 10. Be3 f6 11. O-O Qc7 12. Bf4 g5 13. exf6 Qxf4 14. fxe7 Ngxe7
15. Ne2 Qf6 16. Qd2 g4 17. Ng5 Ng6 18. f3 Nxd4 19. fxg4 Nxe2+ 20. Bxe2 Qe7 21.
Rae1 Qc5+ 22. Kh1 Qc2 23. Rd1 Qb3 24. Bd3 e5 25. Rde1 Rf8 26. Rxe5+ Nxe5 27.
Rxf8+ Kxf8 28. Qf4+ Ke8 29. Qxe5+ Kf8 30. Nxh7+ Kg8 31. Nf6+ Kf7 32. Bf1 Rc1
33. Qh5+ Ke6 0-1

[Event "Tournoi Skype 014A"]
[Site "Skype"]
[Date "????.??.??"]
[Round "6.14"]
[White "Karia, Vijay"]
[Black "Janssen, Gerard"]
[Result "0-1"]
[WhiteElo "1604"]
[BlackElo "1717"]
[PlyCount "122"]

1. e4 c5 2. Nc3 Nc6 3. f4 e6 4. Bc4 Nge7 5. Qe2 a6 6. a4 Ng6 7. d3 Bd6 8. e5
Bc7 9. Nf3 Ba5 10. O-O O-O 11. Ng5 h6 12. Nh3 Nge7 13. Ne4 Nd4 14. Qf2 Bb6 15.
c3 Ndf5 16. g4 d5 17. exd6 Nxd6 18. Nxd6 Qxd6 19. g5 h5 20. Be3 Nf5 21. Rae1 g6
22. Qg2 Qc7 23. Qe2 Bd7 24. Nf2 Bxa4 25. Ne4 Kg7 26. Nf6 Ba7 27. Bc1 Bc6 28.
Rd1 b5 29. Ba2 a5 30. Ne4 a4 31. Rf3 b4 32. c4 Nd4 33. Qf2 Nxf3+ 34. Qxf3 f5
35. gxf6+ Rxf6 36. Qe2 Rf5 37. Ng3 Rf6 38. Ne4 Rff8 39. Ng5 Bd7 40. Nxe6+ Bxe6
41. Qxe6 Rf6 42. Qe3 Qd7 43. Re1 Rf7 44. Qe5+ Kh7 45. Bb1 Raf8 46. Qg5 Qd4+ 47.
Kh1 Qf6 48. Qg3 Bb8 49. Rf1 Be5 50. Rg1 Bd4 51. Rg2 Qe6 52. h3 Re8 53. Bd2 b3
54. Bc3 Ref8 55. Bd2 Bxb2 56. d4 Rg7 57. f5 Rxf5 58. Bxf5 Qxf5 59. dxc5 a3 60.
Bc3 Bxc3 61. Qxc3 b2 0-1

[Event "Tournoi Skype 014A"]
[Site "Skype"]
[Date "????.??.??"]
[Round "6.15"]
[White "Antonic, Nenad"]
[Black "Meyer, Eric"]
[Result "0-1"]
[WhiteElo "1530"]
[BlackElo "1740"]
[PlyCount "70"]

1. d4 Nf6 2. e3 d5 3. Bd3 e6 4. Nf3 c5 5. c3 Bd7 6. Nbd2 cxd4 7. Nxd4 Be7 8.
N4f3 O-O 9. O-O Nc6 10. e4 Qc7 11. Re1 e5 12. exd5 Nxd5 13. Nc4 Bf6 14. Ncd2
Rfe8 15. Qc2 g6 16. g3 Bg7 17. a3 Nb6 18. h4 Bg4 19. Nh2 Be6 20. h5 Rad8 21.
hxg6 hxg6 22. b3 Qd7 23. Be2 Bd5 24. Rd1 Qc7 25. c4 Nd4 26. Qd3 Nxe2+ 27. Qxe2
Bc6 28. Bb2 a5 29. Ne4 Nc8 30. Nc5 Nd6 31. Ng4 f6 32. Bc1 Nf7 33. Bh6 Nxh6 34.
Nxh6+ Bxh6 35. Rac1 Bxc1 0-1

[Event "Tournoi Skype 014A"]
[Site "Skype"]
[Date "????.??.??"]
[Round "6.16"]
[White "Murolo, Antonio"]
[Black "Bourdeau, Yvan"]
[Result "1-0"]
[WhiteElo "1454"]
[BlackElo "1703"]
[PlyCount "87"]

1. d4 Nf6 2. c4 e6 3. Nc3 Bb4 4. Bd2 Be7 5. e4 d6 6. Nf3 b6 7. Be2 O-O 8. O-O
Nbd7 9. h3 e5 10. d5 Nc5 11. Qc2 Bd7 12. b4 Nb7 13. Bd3 h6 14. Be3 c5 15. dxc6
Bxc6 16. b5 Bd7 17. Nd5 Nxd5 18. exd5 f5 19. Nh2 Rc8 20. f3 Rc7 21. a4 Nc5 22.
Bxc5 Rxc5 23. Qe2 Bf6 24. Rad1 Qc8 25. Kh1 Re8 26. Qc2 e4 27. fxe4 fxe4 28. Be2
Bf5 29. Bg4 Bxg4 30. Nxg4 Rxc4 31. Nxf6+ gxf6 32. Qf2 Qd8 33. Rd4 Rxd4 34. Qxd4
Re5 35. Rf4 Qe7 36. Qe3 Kh7 37. Rh4 Qf8 38. Rxe4 Rxe4 39. Qxe4+ Kg7 40. Qg4+
Kf7 41. Qe6+ Kg6 42. g4 Kg5 43. Kg2 h5 44. Qf5+ 1-0

[Event "Tournoi Skype 014A"]
[Site "Skype"]
[Date "????.??.??"]
[Round "6.17"]
[White "Leost, Joel"]
[Black "Trivedi, Viral"]
[Result "1-0"]
[WhiteElo "1442"]
[BlackElo "1536"]
[PlyCount "57"]

1. e4 d5 2. exd5 Qxd5 3. d4 Qe4+ 4. Be3 Bf5 5. c3 Nf6 6. Ne2 Qc6 7. d5 Qxd5 8.
Qxd5 Nxd5 9. Nd4 Bxb1 10. Rxb1 Nxe3 11. fxe3 c6 12. Bc4 e6 13. Ke2 b5 14. Bb3
Bc5 15. Nf3 Nd7 16. Rhf1 h6 17. Rbd1 Bd6 18. Rxd6 Nc5 19. Rxc6 Nxb3 20. axb3
O-O 21. Rc7 a5 22. Ne5 a4 23. Nxf7 Rxf7 24. Rfxf7 axb3 25. Rxg7+ Kh8 26. Rge7
Rg8 27. g3 h5 28. Rxe6 h4 29. Rh6# 1-0

[Event "Tournoi Skype 014A"]
[Site "Skype"]
[Date "????.??.??"]
[Round "6.18"]
[White "Maneval, Dustin"]
[Black "Fouquereau, Andre"]
[Result "1-0"]
[WhiteElo "1532"]
[BlackElo "1511"]
[PlyCount "93"]

1. e4 e5 2. f4 d6 3. Nf3 Be7 4. d4 Bg4 5. Bc4 Nf6 6. Nc3 Nbd7 7. dxe5 dxe5 8.
fxe5 Bxf3 9. Qxf3 Nxe5 10. Qe2 Nxc4 11. Qxc4 Bd6 12. Bg5 O-O 13. O-O-O Qe7 14.
Rde1 Qe5 15. Bh4 a6 16. Nd5 Nxd5 17. exd5 Qf4+ 18. Qxf4 Bxf4+ 19. Kb1 Rfe8 20.
Bf2 Rad8 21. g3 Bd6 22. c4 b6 23. Bd4 f6 24. a3 Kf7 25. Kc2 Rd7 26. Rxe8 Kxe8
27. Re1+ Re7 28. Rxe7+ Kxe7 29. b4 Be5 30. Kd3 Kd6 31. Ke4 f5+ 32. Ke3 g5 33.
Bxe5+ Kxe5 34. a4 f4+ 35. Kf3 fxg3 36. hxg3 g4+ 37. Ke3 h6 38. a5 bxa5 39. bxa5
h5 40. Kd3 Kd6 41. Kd4 c6 42. c5+ Kd7 43. d6 Ke6 44. Ke4 Kf6 45. Kf4 Ke6 46.
Kg5 h4 47. Kxh4 1-0

[Event "Tournoi Skype 014A"]
[Site "Skype"]
[Date "????.??.??"]
[Round "6.19"]
[White "Holtz, Steve"]
[Black "Grib, Johannes"]
[Result "0-1"]
[WhiteElo "1523"]
[BlackElo "1432"]
[PlyCount "76"]

1. e4 e5 2. Nf3 Nc6 3. Bb5 Nf6 4. d3 h6 5. O-O Bc5 6. Nxe5 Nd4 7. Bc4 d5 8.
exd5 O-O 9. Be3 Qd6 10. Nf3 Bg4 11. Bxd4 Bxd4 12. c3 Be5 13. h3 Bxf3 14. Qxf3
g6 15. d4 Bh2+ 16. Kh1 Nh5 17. Nd2 Nf6 18. g3 Kg7 19. Kxh2 a5 20. Kg1 Rab8 21.
Rfe1 Qd7 22. Kg2 Nh7 23. Ne4 Rh8 24. h4 a4 25. a3 b5 26. Bd3 Qxd5 27. Qf4 Qd7
28. Qe5+ f6 29. Qf4 g5 30. hxg5 hxg5 31. Qe3 Rbe8 32. Qd2 Qd5 33. Qc2 g4 34. f4
gxf3+ 35. Kxf3 Ng5+ 36. Kf2 Qf5+ 37. Kg2 Qf3+ 38. Kg1 Rh1# 0-1

[Event "Tournoi Skype 014A"]
[Site "Skype"]
[Date "????.??.??"]
[Round "6.20"]
[White "Carballo, Jorge"]
[Black "Yildirim, Cagri"]
[Result "1/2-1/2"]
[WhiteElo "1777"]
[BlackElo "1462"]
[PlyCount "98"]

1. d4 d5 2. Nf3 Nf6 3. Bf4 Bf5 4. e3 e6 5. Bd3 Bxd3 6. Qxd3 Bd6 7. Ne5 Nbd7 8.
Nd2 Nh5 9. Ndf3 f6 10. Nxd7 Bxf4 11. Nxf6+ Qxf6 12. exf4 Nxf4 13. Qb5+ c6 14.
Qxb7 O-O 15. O-O Nxg2 16. Kxg2 Qxf3+ 17. Kg1 Rf4 18. Qxa8+ Kf7 19. Qxa7+ Kf6
20. h3 Qxh3 21. Qa3 Rg4+ 22. Qg3 Rxg3+ 23. fxg3+ Ke7 24. Rf3 Qg4 25. Rd3 Kd6
26. Rf1 Qe2 27. Rf2 Qe1+ 28. Kg2 Qe4+ 29. Kh2 Qg6 30. Rdd2 Qh6+ 31. Kg2 g5 32.
c3 g4 33. Kg1 Qe3 34. Kg2 h5 35. Rde2 Qg5 36. Re5 Qg6 37. Rfe2 Qd3 38. Rxe6+
Kd7 39. Re7+ Kd8 40. R7e3 Qf5 41. Rf2 Qh7 42. Rf8+ Kd7 43. Ra8 Qc2+ 44. Kf1
Qxb2 45. Ra7+ Kd8 46. Ree7 Qc1+ 47. Ke2 Qc2+ 48. Kf1 Qd3+ 49. Kg2 Qf3+ 1/2-1/2

[Event "Tournoi Skype 014A"]
[Site "Skype"]
[Date "????.??.??"]
[Round "6.22"]
[White "Malbec, Robert"]
[Black "Solak, Yusuf"]
[Result "0-1"]
[WhiteElo "1529"]
[BlackElo "1514"]
[PlyCount "62"]

1. e4 e6 2. d4 d5 3. Nc3 Nf6 4. Bg5 Be7 5. e5 Nfd7 6. Bxe7 Qxe7 7. f4 c5 8. Nf3
Nc6 9. Qd2 cxd4 10. Nxd4 Qb4 11. Nf3 Qxb2 12. Rb1 Qa3 13. Nb5 Qxa2 14. Qc1 Qa5+
15. c3 O-O 16. Bd3 f5 17. exf6 Nxf6 18. Qc2 a6 19. Nbd4 Nxd4 20. Nxd4 Ne4 21.
O-O Qxc3 22. Qxc3 Nxc3 23. Rbc1 Ne4 24. g3 b5 25. Rfe1 Nd2 26. Re2 Nc4 27. Nxe6
Bxe6 28. Rxe6 Rfe8 29. Rce1 Rxe6 30. Rxe6 Kf7 31. Bxh7 Kxe6 0-1

[Event "Tournoi Skype 014A"]
[Site "Skype"]
[Date "????.??.??"]
[Round "6.23"]
[White "Briere, Jean"]
[Black "Loyarte, Frederic"]
[Result "0-1"]
[WhiteElo "1537"]
[BlackElo "1544"]
[PlyCount "118"]

1. e4 e5 2. Nf3 Nc6 3. Bc4 Nf6 4. d3 Bc5 5. O-O O-O 6. Be3 Bxe3 7. fxe3 d6 8.
Qd2 Be6 9. Bxe6 fxe6 10. Nc3 Qd7 11. d4 exd4 12. exd4 d5 13. e5 Nh5 14. Ne2 Rf7
15. Ng5 Rxf1+ 16. Rxf1 Rf8 17. Rxf8+ Kxf8 18. Nxh7+ Ke8 19. Qg5 Qf7 20. Qh4 g6
21. Nf6+ Nxf6 22. exf6 Nb4 23. c3 Nd3 24. b3 c5 25. Qh8+ Qf8 26. Qxf8+ Kxf8 27.
c4 Kf7 28. cxd5 exd5 29. dxc5 Nxc5 30. Kf2 Kxf6 31. Ke3 Ke5 32. g4 Ne6 33. h4
b6 34. h5 gxh5 35. gxh5 Ng7 36. Ng3 d4+ 37. Kd3 Ne6 38. h6 Kf6 39. Ne4+ Kg6 40.
Nd6 Kxh6 41. Nb5 a6 42. Nxd4 Nc5+ 43. Kc4 Nd7 44. a4 Kg6 45. Kd5 Kf7 46. Kc6
Ke7 47. b4 a5 48. b5 Kd8 49. Ne6+ Kc8 50. Nc7 Nc5 51. Na8 Nxa4 52. Nxb6+ Nxb6
53. Kxb6 a4 54. Ka5 a3 55. b6 a2 56. Ka6 a1=Q+ 57. Kb5 Kb7 58. Kc5 Qe5+ 59. Kc4
Kxb6 0-1

[Event "Tournoi Skype 014A"]
[Site "Skype"]
[Date "????.??.??"]
[Round "6.25"]
[White "Galani, Mahendra"]
[Black "Duthoit, Bernard"]
[Result "1-0"]
[WhiteElo "1523"]
[BlackElo "1487"]
[PlyCount "71"]

1. c3 Nf6 2. d3 d5 3. d4 e6 4. Nf3 c5 5. e3 Nc6 6. Bb5 Bd7 7. Nbd2 cxd4 8. exd4
a6 9. Ba4 b5 10. Bc2 g6 11. h3 Bg7 12. Nh2 O-O 13. Ndf3 Rc8 14. Ng4 Re8 15.
Nfe5 Nxg4 16. Nxg4 b4 17. Nh6+ Kf8 18. Qf3 Qf6 19. Qd3 bxc3 20. bxc3 e5 21. Ng4
exd4+ 22. Kf1 Bxg4 23. hxg4 Ne5 24. Qxd4 Kg8 25. Ba4 Rc4 26. g5 Qf5 27. Qd1 Ng4
28. f3 Rec8 29. Bc2 Qf6 30. gxf6 Bxf6 31. fxg4 Rxc3 32. Bb3 d4 33. Bb2 Re3 34.
Kf2 Re4 35. Rb1 Rxg4 36. Qxg4 1-0

[Event "Tournoi Skype 014A"]
[Site "Skype"]
[Date "????.??.??"]
[Round "7.1"]
[White "Karlsen, Christian"]
[Black "Auger, Bertrand"]
[Result "1-0"]
[WhiteElo "1917"]
[BlackElo "2085"]
[PlyCount "47"]

1. c4 f5 2. d4 e6 3. g3 d5 4. cxd5 exd5 5. Nc3 c6 6. Nf3 Nf6 7. Bf4 Be7 8. Bg2
O-O 9. Qc2 Kh8 10. O-O Qe8 11. Rac1 Qh5 12. Nh4 Ne4 13. Nxd5 cxd5 14. Qxc8 Nc6
15. Qxb7 Nxd4 16. Qxe7 Nxe2+ 17. Kh1 Nxf4 18. Rc7 Qh6 19. Bxe4 Rae8 20. Qd7 Rd8
21. Qc6 Rd6 22. Rc8 g5 23. Qa8 Rdf6 24. Nxf5 1-0

[Event "Tournoi Skype 014A"]
[Site "Skype"]
[Date "????.??.??"]
[Round "7.2"]
[White "Sojka, Bernard"]
[Black "Casey, Eamonn"]
[Result "1-0"]
[WhiteElo "1830"]
[BlackElo "1665"]
[PlyCount "61"]

1. d4 Nf6 2. Bf4 e6 3. Nf3 d5 4. e3 Nbd7 5. Be2 Be7 6. Nbd2 O-O 7. h3 c5 8. c3
Nb6 9. a4 a5 10. Qc2 Bd7 11. Ne5 Bxa4 12. Rxa4 Nxa4 13. Qxa4 Qb6 14. Bb5 cxd4
15. exd4 Rfd8 16. O-O Rac8 17. Ra1 Ra8 18. Ndf3 h6 19. Be3 Qc7 20. Qb3 Bd6 21.
Bd3 Nd7 22. Qb5 Nxe5 23. dxe5 Bxe5 24. Bb6 Qd6 25. Bxd8 Rxd8 26. Nxe5 Qxe5 27.
Rxa5 Qe1+ 28. Bf1 Rc8 29. Qxb7 Rc4 30. Ra8+ Kh7 31. Qxf7 1-0

[Event "Tournoi Skype 014A"]
[Site "Skype"]
[Date "????.??.??"]
[Round "7.3"]
[White "Yuvarlak, Ugur"]
[Black "Hervais, Adrien"]
[Result "1-0"]
[WhiteElo "1850"]
[BlackElo "1998"]
[PlyCount "133"]

1. e4 e6 2. d3 d5 3. Nd2 c5 4. Ngf3 Nc6 5. g3 Bd6 6. Bg2 Nge7 7. O-O O-O 8. Re1
Qc7 9. c3 b6 10. Qe2 Ba6 11. e5 Nxe5 12. Nxe5 Bxe5 13. Qxe5 Qxe5 14. Rxe5 Bxd3
15. c4 Rad8 16. cxd5 Nxd5 17. Nf3 Rfe8 18. a3 f6 19. Re1 e5 20. Be3 Bf5 21.
Rad1 Bg4 22. h3 Bh5 23. g4 Bf7 24. Bc1 a5 25. Nh2 b5 26. Nf1 b4 27. Ne3 Nf4 28.
Bf1 Rc8 29. Nc4 Nxh3+ 30. Kg2 Nf4+ 31. Bxf4 exf4 32. Nd6 Rxe1 33. Rxe1 Rd8 34.
Nxf7 Kxf7 35. Bc4+ Kf8 36. a4 b3 37. Bxb3 Rb8 38. Bc4 Rxb2 39. Rc1 Ke7 40. Bb5
Kd6 41. Rd1+ Ke6 42. Bc4+ Ke7 43. Rd5 Rb4 44. Bb5 c4 45. Rd7+ Ke6 46. Rxg7 h6
47. Kf3 Ke5 48. Re7+ Kd6 49. Re8 Kc5 50. Rc8+ Kd4 51. Kxf4 Kc3 52. Kf5 Kb3 53.
Rxc4 Rxc4 54. Bxc4+ Kxc4 55. Kxf6 Kb3 56. f4 Kxa4 57. g5 hxg5 58. fxg5 Kb3 59.
g6 a4 60. g7 Kb2 61. g8=Q a3 62. Qg2+ Kb1 63. Qf1+ Kb2 64. Qe2+ Kb1 65. Qd1+
Kb2 66. Qd2+ Kb1 67. Qb4+ 1-0

[Event "Tournoi Skype 014A"]
[Site "Skype"]
[Date "????.??.??"]
[Round "7.4"]
[White "Donmez, Unal"]
[Black "Plourde, Alain"]
[Result "0-1"]
[WhiteElo "1905"]
[BlackElo "1850"]
[PlyCount "106"]

1. e4 e6 2. d4 d5 3. Nc3 dxe4 4. Nxe4 Bd7 5. Nf3 Bc6 6. Ng3 Nd7 7. Bd3 Ngf6 8.
O-O Bd6 9. c4 O-O 10. Bg5 h6 11. Bd2 Re8 12. Ne1 b6 13. f4 Bb7 14. Nc2 c5 15.
f5 cxd4 16. fxe6 Rxe6 17. Nf5 Qc7 18. Nxd6 Qxd6 19. Bf4 Qc6 20. Rf2 Ne4 21. Re2
Re7 22. Nxd4 Qf6 23. Be3 Ndc5 24. Bxe4 Bxe4 25. Qd2 Rd8 26. Rf1 Qg6 27. Nc6
Rxd2 28. Nxe7+ Kh7 29. Rxd2 Qe6 30. Bxc5 bxc5 31. Nd5 Bxd5 32. cxd5 Qe3+ 33.
Rdf2 Qd4 34. Kh1 f6 35. Rf5 Qxb2 36. Rd1 Qb7 37. d6 Qd7 38. Rxc5 Kg6 39. Rc7
Qa4 40. Rcc1 Qd7 41. Rc7 Qa4 42. Rdc1 Qd4 43. d7 h5 44. h3 Kh6 45. Rxa7 Kg6 46.
Rac7 f5 47. a4 f4 48. a5 Qd3 49. a6 f3 50. g3 Qd2 51. R1c2 Qe1+ 52. Kh2 f2 53.
d8=Q Qg1# 0-1

[Event "Tournoi Skype 014A"]
[Site "Skype"]
[Date "????.??.??"]
[Round "7.6"]
[White "Rico Hernandez, Edgar"]
[Black "Jacquelin, Norbert"]
[Result "1-0"]
[WhiteElo "1814"]
[BlackElo "1899"]
[PlyCount "53"]

1. d4 d5 2. c4 e6 3. Nc3 c5 4. cxd5 exd5 5. dxc5 d4 6. Ne4 Qd5 7. Nd6+ Bxd6 8.
cxd6 Qxd6 9. Nf3 Nc6 10. g3 Bf5 11. a3 Rd8 12. Bg2 Nf6 13. O-O O-O 14. Bf4 Qe7
15. Re1 Rfe8 16. Qb3 Nd5 17. Bg5 f6 18. Bd2 Qf7 19. Rac1 Kh8 20. Qc4 Be6 21.
Qc2 Qd7 22. Rcd1 Bf5 23. Qc5 Nc7 24. Bf4 Ne6 25. Qxf5 Nxf4 26. Qxf4 Re6 27. Bh3
1-0

[Event "Tournoi Skype 014A"]
[Site "Skype"]
[Date "????.??.??"]
[Round "7.7"]
[White "Segura Lozano, Marcos Antonio"]
[Black "Brun, Jacques"]
[Result "1-0"]
[WhiteElo "1899"]
[BlackElo "1825"]
[PlyCount "37"]

1. d4 g6 2. c4 Bg7 3. Nf3 c5 4. e3 cxd4 5. exd4 Nc6 6. Be3 d6 7. h3 e6 8. Qd2
Nge7 9. Nc3 O-O 10. Bh6 Re8 11. Bxg7 Kxg7 12. Be2 b6 13. O-O Bb7 14. Rad1 Rc8
15. Qf4 Qc7 16. Nb5 Qb8 17. Nxd6 Rf8 18. Qg3 Kg8 19. Nxc8 1-0

[Event "Tournoi Skype 014A"]
[Site "Skype"]
[Date "????.??.??"]
[Round "7.8"]
[White "Dal, Ibrahim"]
[Black "Deville, Olivier"]
[Result "1/2-1/2"]
[WhiteElo "1722"]
[BlackElo "1866"]
[PlyCount "111"]

1. d4 Nf6 2. Nf3 e6 3. c4 b6 4. g3 Ba6 5. b3 Bb4+ 6. Bd2 Be7 7. Bg2 c6 8. Bc3
d5 9. Ne5 Nfd7 10. Nxd7 Nxd7 11. Nd2 O-O 12. O-O Nf6 13. e4 dxe4 14. Re1 Rc8
15. Qc2 c5 16. dxc5 e3 17. Rxe3 Bxc5 18. Rd3 Qe7 19. Ne4 Nxe4 20. Bxe4 f5 21.
Bg2 e5 22. Bd5+ Kh8 23. Re1 e4 24. Rdd1 Bb7 25. Bxb7 Qxb7 26. Rd5 Qf7 27. Qd1
Rc7 28. Be5 Rb7 29. Qc1 Rd7 30. Red1 Rfd8 31. Qg5 Rxd5 32. Qxd8+ Rxd8 33. Rxd8+
Qg8 34. Rxg8+ Kxg8 35. Kf1 g6 36. Ke2 Kf7 37. f3 exf3+ 38. Kxf3 Ke6 39. Bc3 Bd6
40. h3 Be5 41. Bd2 Bb2 42. a4 Ke5 43. Be3 Bd4 44. Bf4+ Ke6 45. b4 Bc3 46. Bb8
Bxb4 47. Bxa7 Ba5 48. Ke3 Kd6 49. Kd4 Be1 50. g4 fxg4 51. hxg4 Kc7 52. c5 Bf2+
53. Kc4 Bxc5 54. a5 h5 55. Bxb6+ Bxb6 56. axb6+ 1/2-1/2

[Event "Tournoi Skype 014A"]
[Site "Skype"]
[Date "????.??.??"]
[Round "7.9"]
[White "Baue, Michel"]
[Black "Lambert, Pierre"]
[Result "0-1"]
[WhiteElo "1713"]
[BlackElo "1850"]
[PlyCount "36"]

1. e4 e5 2. Nf3 Nc6 3. Bb5 a6 4. Ba4 b5 5. Bb3 Nf6 6. O-O Be7 7. Re1 O-O 8. c3
d5 9. exd5 e4 10. dxc6 exf3 11. Qxf3 Bg4 12. Qe3 Re8 13. d4 Bd6 14. Qd2 Bf4 15.
Rxe8+ Qxe8 16. Qd3 Qe1+ 17. Qf1 Qxf1+ 18. Kxf1 Bxc1 0-1

[Event "Tournoi Skype 014A"]
[Site "Skype"]
[Date "????.??.??"]
[Round "7.10"]
[White "Meyer, Eric"]
[Black "Legueltel, Daniel"]
[Result "1-0"]
[WhiteElo "1740"]
[BlackElo "1692"]
[PlyCount "25"]

1. d4 d5 2. c4 Bf5 3. Nc3 Nf6 4. Nf3 e6 5. Qb3 Nbd7 6. cxd5 Nb6 7. e4 Bxe4 8.
Nxe4 Nxe4 9. Bb5+ Ke7 10. dxe6 fxe6 11. Bf4 c6 12. Bd3 Nd5 13. Qxb7+ 1-0

[Event "Tournoi Skype 014A"]
[Site "Skype"]
[Date "????.??.??"]
[Round "7.11"]
[White "Janssen, Gerard"]
[Black "Mulrooney, Justin"]
[Result "1-0"]
[WhiteElo "1717"]
[BlackElo "1624"]
[PlyCount "75"]

1. d4 e6 2. c4 Nf6 3. Nc3 d5 4. Nf3 Be7 5. e3 O-O 6. cxd5 exd5 7. Qc2 Nc6 8. a3
Bd6 9. Bd3 Ne7 10. Ne5 c6 11. O-O Qc7 12. f4 Ng6 13. b4 Qe7 14. Bd2 Ng4 15. h3
Nf6 16. g4 Bxe5 17. fxe5 Nxg4 18. hxg4 Bxg4 19. e4 Be6 20. exd5 cxd5 21. Rf2
Qh4 22. Ne2 Rac8 23. Qb2 Bh3 24. Nf4 Nxf4 25. Bxf4 Rc6 26. Qd2 f5 27. Bf1 Rg6+
28. Bg2 Bxg2 29. Rxg2 Rxg2+ 30. Kxg2 Qg4+ 31. Kf2 h6 32. Rg1 Qh4+ 33. Ke2 Kh8
34. e6 Re8 35. Qe3 Rc8 36. e7 Qh5+ 37. Kd2 Qe8 38. Bxh6 1-0